[Event "Iranian Men Championship Final 1399"]
[Site "Tehran"]
[Date "2021.04.12"]
[Round "13"]
[Board "5"]
[White "Gholami, Aryan"]
[Black "Ghaem Maghami, Ehsan"]
[Result "1-0"]
[WhiteElo "2507"]
[BlackElo "2561"]
[PlyCount "0"]
[EventDate "2021.04.05"]
[EventRounds "15"]
[EventCountry "IRI"]

1. d4 Nf6 {[%clk 1:30:45]} 2. Bf4 {[%clk 1:31:09]} g6 {[%clk 1:29:02]} 3. e3
{[%clk 1:31:11]} Bg7 {[%clk 1:29:24]} 4. Nf3 {[%clk 1:31:09]} O-O
{[%clk 1:29:43]} 5. Nbd2 {[%clk 1:28:08]} d5 6. c3 {[%clk 1:26:14]} Nc6
{[%clk 1:21:09]} 7. Bb5 Nh5 {[%clk 1:20:59]} 8. Bg5 {[%clk 1:17:08]} h6
{[%clk 1:19:12]} 9. Bh4 {[%clk 1:17:21]} g5 {[%clk 1:10:45]} 10. Ne5
{[%clk 1:06:38]} Nf6 {[%clk 1:07:08]} 11. Bxc6 gxh4 {[%clk 1:07:01]} 12. Ba4
{[%clk 1:01:04]} c5 13. h3 {[%clk 0:53:57]} Qb6 {[%clk 0:57:35]} 14. Rb1 cxd4
{[%clk 0:49:46]} 15. exd4 {[%clk 0:51:57]} Ne4 {[%clk 0:50:08]} 16. Nxe4
{[%clk 0:51:17]} dxe4 {[%clk 0:49:31]} 17. Qh5 {[%clk 0:50:12]} Qf6
{[%clk 0:33:36]} 18. Bb3 {[%clk 0:42:50]} Be6 {[%clk 0:26:01]} 19. Ng4
{[%clk 0:42:48]} Bxg4 {[%clk 0:25:37]} 20. hxg4 {[%clk 0:36:16]} a5
{[%clk 0:22:22]} 21. Qxh4 {[%clk 0:22:37]} Qf4 {[%clk 0:18:11]} 22. O-O e5 23. d5
{[%clk 0:13:46]} Ra6 {[%clk 0:17:58]} 24. g3 Qf3 {[%clk 0:15:17]} 25. Rbe1
{[%clk 0:09:30]} Rg6 {[%clk 0:13:30]} 26. Bc2 Qxg4 27. Qxg4 {[%clk 0:08:52]} Rxg4
{[%clk 0:14:00]} 28. Rxe4 {[%clk 0:07:53]} Rxe4 {[%clk 0:13:48]} 29. Bxe4
{[%clk 0:08:15]} f5 {[%clk 0:14:13]} 30. Bd3 {[%clk 0:08:17]} e4 {[%clk 0:14:31]}
31. Bc4 {[%clk 0:07:28]} Be5 {[%clk 0:09:26]} 32. d6+ {[%clk 0:07:34]} Kg7 33.
Rd1 {[%clk 0:06:45]} Kf6 {[%clk 0:09:36]} 34. Rd5 {[%clk 0:05:38]} b6
{[%clk 0:10:05]} 35. Kf1 h5 {[%clk 0:07:30]} 36. Ke2 {[%clk 0:05:23]} Rh8
{[%clk 0:07:19]} 37. a4 {[%clk 0:05:35]} Rc8 {[%clk 0:07:23]} 38. d7
{[%clk 0:05:33]} Rd8 {[%clk 0:07:50]} 39. Bb5 {[%clk 0:05:48]} Bc7
{[%clk 0:08:06]} 40. b4 {[%clk 0:05:56]} Rh8 {[%clk 0:07:41]} 41. bxa5
{[%clk 0:06:02]} bxa5 {[%clk 0:08:06]} 42. Rc5 {[%clk 0:06:25]} Bd8
{[%clk 0:08:30]} 43. Rc8 {[%clk 0:06:50]} Ke7 {[%clk 0:08:56]} 44. c4
{[%clk 0:06:40]} h4 {[%clk 0:06:46]} 45. gxh4 {[%clk 0:06:52]} f4
{[%clk 0:07:10]} 46. c5 {[%clk 0:05:50]} f3+ {[%clk 0:03:34]} 47. Kd2  1-0

[Event "Iranian Men Championship Final 1399"]
[Site "Tehran"]
[Date "2021.04.12"]
[Round "13"]
[Board "6"]
[White "Idani, Pouya"]
[Black "Daghli, Arash"]
[Result "1-0"]
[WhiteElo "2588"]
[BlackElo "2431"]
[PlyCount "0"]
[EventDate "2021.04.05"]
[EventRounds "15"]
[EventCountry "IRI"]

1. e4 {[%clk 1:30:57]} c5 {[%clk 1:30:02]} 2. Nf3 {[%clk 1:31:21]} Nc6
{[%clk 1:30:25]} 3. Bb5 {[%clk 1:31:47]} g6 {[%clk 1:30:45]} 4. Bxc6
{[%clk 1:32:11]} bxc6 {[%clk 1:31:08]} 5. d4 {[%clk 1:32:37]} cxd4
{[%clk 1:30:48]} 6. Qxd4 {[%clk 1:32:55]} f6 {[%clk 1:31:12]} 7. c4
{[%clk 1:32:57]} d6 {[%clk 1:31:25]} 8. O-O {[%clk 1:32:13]} c5 {[%clk 1:31:49]}
9. Qd3 {[%clk 1:29:06]} Bg7 {[%clk 1:32:09]} 10. Nc3 {[%clk 1:28:12]} Rb8
{[%clk 1:31:17]} 11. Rd1 {[%clk 1:25:02]} Be6 {[%clk 1:11:18]} 12. Qe2
{[%clk 1:23:36]} Rb7 {[%clk 1:04:43]} 13. Bf4 {[%clk 1:12:55]} Qc8
{[%clk 1:01:32]} 14. a3 {[%clk 1:08:17]} Nh6 {[%clk 1:00:33]} 15. Nd5
{[%clk 1:07:14]} O-O {[%clk 0:59:24]} 16. b4 {[%clk 1:07:26]} Nf7
{[%clk 0:44:35]} 17. Rab1 {[%clk 1:04:06]} Bg4 {[%clk 0:42:38]} 18. bxc5
{[%clk 0:58:44]} dxc5 {[%clk 0:41:33]} 19. h3 {[%clk 0:55:45]} Bxf3
{[%clk 0:41:30]} 20. Qxf3 {[%clk 0:56:09]} e6 {[%clk 0:41:47]} 21. Nc3
{[%clk 0:53:38]} Rxb1 {[%clk 0:39:47]} 22. Rxb1 {[%clk 0:53:57]} Qc6
{[%clk 0:40:07]} 23. Qd1 {[%clk 0:48:03]} f5 {[%clk 0:37:27]} 24. Qa4
{[%clk 0:47:56]} Qa8 {[%clk 0:37:38]} 25. Bd2 {[%clk 0:47:57]} Rd8
{[%clk 0:32:29]} 26. Be1 {[%clk 0:48:19]} fxe4 {[%clk 0:24:01]} 27. Qa6
{[%clk 0:43:37]} e3 {[%clk 0:23:43]} 28. fxe3 {[%clk 0:43:33]} Bxc3
{[%clk 0:15:29]} 29. Bxc3 {[%clk 0:43:50]} Qe4 {[%clk 0:15:58]} 30. Re1
{[%clk 0:43:52]} e5 {[%clk 0:16:08]} 31. Qe6 {[%clk 0:41:18]} Qf5
{[%clk 0:08:22]} 32. Qe7 {[%clk 0:39:37]} Qd7 {[%clk 0:07:47]} 33. Qxc5
{[%clk 0:38:22]} Rc8 {[%clk 0:08:10]} 34. Qb4 {[%clk 0:38:46]} Qd3
{[%clk 0:05:20]} 35. Qb2 {[%clk 0:30:32]} Qxc4 {[%clk 0:03:15]} 36. Bxe5
{[%clk 0:30:33]} Qc2 {[%clk 0:02:24]} 37. Qd4 {[%clk 0:26:40]} Rd8
{[%clk 0:02:17]} 38. Qf4 {[%clk 0:26:20]} Rd1 {[%clk 0:00:32]} 39. Rxd1
{[%clk 0:26:03]} Qxd1+ {[%clk 0:01:01]} 40. Kh2 {[%clk 0:26:26]} Nxe5
{[%clk 0:00:33]} 41. Qxe5 {[%clk 0:26:51]} Qd7 {[%clk 0:00:39]} 42. Kg3
{[%clk 0:25:23]} Kf7 {[%clk 0:00:50]} 43. Qf4+ {[%clk 0:25:35]} Ke7
{[%clk 0:00:32]} 44. a4 {[%clk 0:25:11]} h5 {[%clk 0:00:32]} 45. Qe5+
{[%clk 0:25:00]} Kf7 {[%clk 0:00:57]} 46. a5 {[%clk 0:25:15]} Qc6
{[%clk 0:01:26]} 47. e4 {[%clk 0:24:50]} Qc2 {[%clk 0:00:49]} 48. Qd5+
{[%clk 0:22:33]} Ke7 {[%clk 0:00:53]} 49. a6 {[%clk 0:19:30]} Qc7+
{[%clk 0:00:48]} 50. e5 {[%clk 0:19:47]} Qc3+ {[%clk 0:01:10]} 51. Kh2
{[%clk 0:19:27]} Qe3 {[%clk 0:00:33]} 52. Qd6+ {[%clk 0:19:49]} Kf7
{[%clk 0:00:59]} 53. Qf6+ {[%clk 0:20:13]}  1-0

[Event "Iranian Men Championship Final 1399"]
[Site "Tehran"]
[Date "2021.04.12"]
[Round "13"]
[Board "7"]
[White "Darini, Pouria"]
[Black "Tabatabaei, M.Amin"]
[Result "1/2-1/2"]
[WhiteElo "2432"]
[BlackElo "2629"]
[PlyCount "0"]
[EventDate "2021.04.05"]
[EventRounds "15"]
[EventCountry "IRI"]

1. e4 {[%clk 1:30:56]} c6 {[%clk 1:30:54]} 2. Nf3 {[%clk 1:31:09]} d5
{[%clk 1:31:15]} 3. d3 {[%clk 1:31:37]} dxe4 {[%clk 1:30:15]} 4. dxe4
{[%clk 1:32:01]} Qxd1+ {[%clk 1:30:40]} 5. Kxd1 {[%clk 1:32:23]} Nf6
{[%clk 1:31:03]} 6. Nfd2 {[%clk 1:32:30]} g5 {[%clk 1:30:55]} 7. a4
{[%clk 1:28:37]} Nbd7 {[%clk 1:30:01]} 8. Nc3 {[%clk 1:27:00]} h5
{[%clk 1:27:18]} 9. Nc4 {[%clk 1:20:46]} Rg8 {[%clk 1:21:43]} 10. h4
{[%clk 1:12:51]} gxh4 {[%clk 1:07:33]} 11. Rxh4 {[%clk 1:12:38]} b6
{[%clk 1:07:22]} 12. f3 {[%clk 0:57:09]} Ba6 {[%clk 1:07:21]} 13. Rh2
{[%clk 0:57:37]} e6 {[%clk 1:07:21]} 14. Bf4 {[%clk 0:48:18]} Bc5
{[%clk 1:04:39]} 15. Ke1 {[%clk 0:42:59]} Bxc4 {[%clk 0:54:47]} 16. Bxc4
{[%clk 0:43:27]} Bg1 {[%clk 0:55:02]} 17. Rh1 {[%clk 0:43:45]} Bd4
{[%clk 0:55:26]} 18. Kf1 {[%clk 0:41:47]} Ke7 {[%clk 0:54:28]} 19. Nd1
{[%clk 0:33:00]} Rg6 {[%clk 0:53:20]} 20. c3 {[%clk 0:22:39]} Be5
{[%clk 0:53:30]} 21. Bxe5 {[%clk 0:21:18]} Nxe5 {[%clk 0:53:47]} 22. Ne3
{[%clk 0:21:47]} Rd8 {[%clk 0:53:06]} 23. Be2 {[%clk 0:21:33]} Rgg8
{[%clk 0:48:55]} 24. Rd1 {[%clk 0:17:18]} Rxd1+ {[%clk 0:46:33]} 25. Bxd1
{[%clk 0:13:10]} Rd8 {[%clk 0:45:00]} 26. Bc2 {[%clk 0:11:19]} Ng6
{[%clk 0:44:53]} 27. Kf2 {[%clk 0:11:17]} Nf4 {[%clk 0:41:26]} 28. Rd1
{[%clk 0:09:04]} Rh8 {[%clk 0:39:58]} 29. g3 {[%clk 0:05:42]} Ng6
{[%clk 0:40:27]} 30. Rh1 {[%clk 0:06:00]} h4 {[%clk 0:40:31]} 31. gxh4
{[%clk 0:06:23]} Nh5 {[%clk 0:40:44]} 32. Ng4 {[%clk 0:04:39]} Rd8
{[%clk 0:38:52]} 33. Rd1 {[%clk 0:04:29]} Rxd1 {[%clk 0:38:39]} 34. Bxd1
{[%clk 0:04:59]} e5 {[%clk 0:38:55]} 35. Bb3 {[%clk 0:03:56]} f6 {[%clk 0:38:49]}
36. Bc4 {[%clk 0:03:56]} Nxh4 {[%clk 0:38:59]} 37. b4 {[%clk 0:04:07]} Ng6
{[%clk 0:35:19]} 38. Nh6 {[%clk 0:04:18]} Ngf4 {[%clk 0:35:19]} 39. Nf5+
{[%clk 0:03:16]} Kd7 {[%clk 0:35:19]} 40. Ke3 {[%clk 0:02:59]} Nh3
{[%clk 0:35:02]} 41. Nh6 {[%clk 0:02:35]} Ng5 {[%clk 0:34:10]} 42. Ng4
{[%clk 0:02:44]} Ke7 {[%clk 0:34:10]} 43. Nh6 {[%clk 0:03:05]} Nh7
{[%clk 0:31:03]} 44. Nf5+ {[%clk 0:01:51]} Kd7 {[%clk 0:31:20]} 45. Nh6
{[%clk 0:01:53]} Nf4 {[%clk 0:31:09]} 46. Ng4 {[%clk 0:02:18]} Ke7
{[%clk 0:31:02]} 47. Nh6 {[%clk 0:02:47]} Ke8 {[%clk 0:27:16]} 48. Ng4
{[%clk 0:02:43]} Kf8 {[%clk 0:26:45]} 49. Kf2 {[%clk 0:02:55]} Ke7
{[%clk 0:24:08]} 50. Nh6 {[%clk 0:03:15]} Ke8 {[%clk 0:21:17]} 51. Ng4
{[%clk 0:03:27]} Nh5 {[%clk 0:21:14]} 52. Ke3 {[%clk 0:03:11]} Nf8
{[%clk 0:19:46]} 53. Nh6 {[%clk 0:03:03]} Nf4 {[%clk 0:19:44]} 54. Nf5
{[%clk 0:03:12]} Kd7 {[%clk 0:17:12]} 55. Nh6 {[%clk 0:03:26]} Ke8
{[%clk 0:14:14]} 56. Nf5 {[%clk 0:03:42]} Kd8 {[%clk 0:13:32]} 57. Nd6
{[%clk 0:03:56]} Nd7 {[%clk 0:13:38]} 58. Kf2 {[%clk 0:04:17]} Nf8
{[%clk 0:10:24]} 59. Ke3 {[%clk 0:04:20]} Kd7 {[%clk 0:10:09]} 60. Nf5
{[%clk 0:04:49]} a5 {[%clk 0:10:23]} 61. Nh6 {[%clk 0:04:10]} Ke8
{[%clk 0:05:51]} 62. Nf5 {[%clk 0:04:10]} Kd7 {[%clk 0:06:16]} 63. Nh6
{[%clk 0:04:19]} Ke8 {[%clk 0:06:39]}  1/2-1/2

[Event "Iranian Men Championship Final 1399"]
[Site "Tehran"]
[Date "2021.04.12"]
[Round "13"]
[Board "8"]
[White "Daneshvar, Bardiya"]
[Black "Atakhan, Abtin"]
[Result "1-0"]
[WhiteElo "2401"]
[BlackElo "2294"]
[PlyCount "0"]
[EventDate "2021.04.05"]
[EventRounds "15"]
[EventCountry "IRI"]

1. e4 {[%clk 1:30:58]} e6 {[%clk 1:25:16]} 2. d4 {[%clk 1:31:18]} d5
{[%clk 1:25:41]} 3. Nc3 {[%clk 1:31:35]} Nf6 {[%clk 1:21:02]} 4. Bg5
{[%clk 1:31:54]} Bb4 {[%clk 1:19:48]} 5. e5 {[%clk 1:32:18]} h6 {[%clk 1:20:13]}
6. Be3 {[%clk 1:32:35]} Ne4 {[%clk 1:16:45]} 7. Qg4 {[%clk 1:32:59]} Kf8
{[%clk 1:16:47]} 8. a3 {[%clk 1:32:42]} Ba5 {[%clk 1:13:09]} 9. Nge2
{[%clk 1:32:15]} c5 {[%clk 1:11:05]} 10. dxc5 {[%clk 1:31:06]} Nc6
{[%clk 1:08:53]} 11. b4 {[%clk 1:29:09]} Nxc3 {[%clk 1:05:59]} 12. Nxc3
{[%clk 1:28:35]} Nxe5 {[%clk 1:05:37]} 13. Qd1 {[%clk 1:26:15]} Bc7
{[%clk 1:05:28]} 14. Nb5 {[%clk 1:26:15]} Bb8 {[%clk 1:03:54]} 15. c4
{[%clk 1:24:48]} f6 {[%clk 0:58:45]} 16. Be2 {[%clk 1:16:46]} Kf7
{[%clk 0:58:29]} 17. cxd5 {[%clk 1:14:07]} exd5 {[%clk 0:58:37]} 18. O-O
{[%clk 1:13:28]} Re8 {[%clk 0:54:15]} 19. Ra2 {[%clk 1:02:41]} a6
{[%clk 0:50:00]} 20. Nc3 {[%clk 1:01:56]} Qc7 {[%clk 0:47:54]} 21. Bf4
{[%clk 0:57:05]} Rd8 {[%clk 0:28:43]} 22. Rd2 {[%clk 0:55:13]} Be6
{[%clk 0:14:35]} 23. Nxd5 {[%clk 0:54:36]} Qc6 {[%clk 0:14:15]} 24. Nb6
{[%clk 0:54:35]} Rxd2 {[%clk 0:14:03]} 25. Qxd2 {[%clk 0:55:00]} Ra7
{[%clk 0:14:29]} 26. Bh5+ {[%clk 0:53:09]} g6 {[%clk 0:14:24]} 27. Bxe5
{[%clk 0:53:29]}  1-0

[Event "Iranian Men Championship Final 1399"]
[Site "Tehran"]
[Date "2021.04.13"]
[Round "14"]
[Board "1"]
[White "Hakemi, Arman"]
[Black "Atakhan, Abtin"]
[Result "1/2-1/2"]
[WhiteElo "2316"]
[BlackElo "2294"]
[PlyCount "0"]
[EventDate "2021.04.05"]
[EventRounds "15"]
[EventCountry "IRI"]

1. b4 {[%clk 1:26:40]} e5 {[%clk 1:29:11]} 2. Bb2 {[%clk 1:26:00]} Bxb4
{[%clk 1:27:56]} 3. Bxe5 {[%clk 1:26:09]} Nf6 {[%clk 1:28:00]} 4. c4
{[%clk 1:24:33]} Nc6 {[%clk 1:25:15]} 5. Bb2 {[%clk 1:23:54]} O-O
{[%clk 1:24:20]} 6. Nf3 {[%clk 1:23:08]} d5 {[%clk 1:23:09]} 7. cxd5
{[%clk 1:22:22]} Nxd5 {[%clk 1:23:25]} 8. e3 {[%clk 1:20:19]} Re8
{[%clk 1:20:28]} 9. Be2 {[%clk 1:17:21]} Rxe3 {[%clk 1:16:39]} 10. fxe3
{[%clk 1:06:47]} Nxe3 {[%clk 1:16:52]} 11. Qb3 {[%clk 1:04:38]} Nxg2+
{[%clk 1:16:44]} 12. Kd1 {[%clk 1:01:39]} Be6 {[%clk 1:15:27]} 13. Qd3
{[%clk 1:01:18]} Qxd3 {[%clk 1:15:05]} 14. Bxd3 {[%clk 1:01:41]} Bg4
{[%clk 1:15:25]} 15. Be2 {[%clk 0:59:32]} Nf4 {[%clk 1:15:46]} 16. Rf1
{[%clk 0:58:48]} Nxe2 {[%clk 1:16:08]} 17. Kxe2 {[%clk 0:59:07]} Bc5
{[%clk 1:16:32]} 18. Kd1 {[%clk 0:57:43]} Bh3 {[%clk 1:16:26]} 19. Re1
{[%clk 0:57:09]} Bg4 {[%clk 1:15:27]} 20. Rf1 {[%clk 0:56:31]} Bh3
{[%clk 1:15:55]} 21. Re1 {[%clk 0:55:52]} Bg4 {[%clk 1:16:05]} 22. Rf1
{[%clk 0:55:04]} Bh3 {[%clk 1:16:18]}  1/2-1/2

[Event "Iranian Men Championship Final 1399"]
[Site "Tehran"]
[Date "2021.04.13"]
[Round "14"]
[Board "2"]
[White "Tabatabaei, M.Amin"]
[Black "Daneshvar, Bardiya"]
[Result "1-0"]
[WhiteElo "2629"]
[BlackElo "2401"]
[PlyCount "0"]
[EventDate "2021.04.05"]
[EventRounds "15"]
[EventCountry "IRI"]

1. d4 {[%clk 1:26:06]} d5 {[%clk 1:30:54]} 2. Nf3 {[%clk 1:26:27]} Nf6
{[%clk 1:30:53]} 3. Bf4 {[%clk 1:26:49]} c5 {[%clk 1:30:55]} 4. e3
{[%clk 1:27:12]} Nc6 5. Nbd2 {[%clk 1:27:35]} cxd4 {[%clk 1:31:16]} 6. exd4
{[%clk 1:27:57]} a6 {[%clk 1:31:40]} 7. c3 {[%clk 1:25:34]} Bg4 {[%clk 1:30:22]}
8. Bd3 {[%clk 1:24:36]} e6 {[%clk 1:29:14]} 9. O-O {[%clk 1:24:57]} Bd6
{[%clk 1:28:48]} 10. Bxd6 {[%clk 1:25:15]} Qxd6 {[%clk 1:28:58]} 11. Re1
{[%clk 1:25:06]} O-O {[%clk 1:27:12]} 12. a3 {[%clk 1:23:42]} Qc7
{[%clk 1:21:14]} 13. Qc2 {[%clk 1:21:39]} Rac8 {[%clk 1:19:39]} 14. Ne5
{[%clk 1:20:19]} Nxd4 {[%clk 1:16:46]} 15. Qa4 {[%clk 1:20:36]} Ne2+
{[%clk 1:07:31]} 16. Bxe2 {[%clk 1:20:43]} Qxe5 {[%clk 1:07:44]} 17. Bxg4
{[%clk 1:21:04]} Qg5 {[%clk 1:08:11]} 18. Bxe6 {[%clk 1:21:19]} fxe6
{[%clk 1:06:30]} 19. Nf3 {[%clk 1:21:33]} Qh5 {[%clk 0:57:37]} 20. Rxe6
{[%clk 1:18:42]} Rc4 {[%clk 0:53:10]} 21. Qd1 {[%clk 1:15:08]} Rf4
{[%clk 0:52:10]} 22. Re5 {[%clk 1:05:57]} Qg6 {[%clk 0:44:26]} 23. Rg5
{[%clk 0:54:10]} Qh6 {[%clk 0:42:06]} 24. Qd2 {[%clk 0:48:10]} Ng4
{[%clk 0:26:43]} 25. h3 {[%clk 0:40:48]} Rxf3 {[%clk 0:26:57]} 26. gxf3
{[%clk 0:36:20]} Nf6 {[%clk 0:26:52]} 27. Kh2 {[%clk 0:35:03]} Kh8
{[%clk 0:26:51]} 28. Qf4 {[%clk 0:30:17]} g6 {[%clk 0:26:46]} 29. Re1
{[%clk 0:28:43]} Qg7 {[%clk 0:27:00]} 30. Qd4 {[%clk 0:28:49]} h6
{[%clk 0:27:19]} 31. Rge5 {[%clk 0:29:15]} Rf7 {[%clk 0:27:42]} 32. Re6
{[%clk 0:29:33]} Kh7 {[%clk 0:27:56]} 33. Qe5 {[%clk 0:29:50]} g5
{[%clk 0:27:01]} 34. Re7 {[%clk 0:29:36]} Kg6 {[%clk 0:27:27]} 35. Rxf7
{[%clk 0:29:57]} Qxf7 {[%clk 0:27:51]} 36. Qe7 {[%clk 0:30:13]} Qg8
{[%clk 0:28:16]} 37. Re6  1-0

[Event "Iranian Men Championship Final 1399"]
[Site "Tehran"]
[Date "2021.04.13"]
[Round "14"]
[Board "3"]
[White "Daghli, Arash"]
[Black "Darini, Pouria"]
[Result "1-0"]
[WhiteElo "2431"]
[BlackElo "2432"]
[PlyCount "0"]
[EventDate "2021.04.05"]
[EventRounds "15"]
[EventCountry "IRI"]

1. e4 {[%clk 1:27:55]} c5 {[%clk 1:29:31]} 2. Nf3 {[%clk 1:28:15]} d6
{[%clk 1:29:49]} 3. d4 {[%clk 1:28:40]} cxd4 {[%clk 1:30:14]} 4. Nxd4
{[%clk 1:29:03]} Nf6 {[%clk 1:30:40]} 5. Nc3 {[%clk 1:29:26]} Nc6
{[%clk 1:30:55]} 6. Bg5 {[%clk 1:29:48]} e6 {[%clk 1:31:07]} 7. Qd3
{[%clk 1:30:11]} a6 {[%clk 1:28:04]} 8. Nxc6 {[%clk 1:30:33]} bxc6
{[%clk 1:28:33]} 9. O-O-O {[%clk 1:30:52]} Qa5 {[%clk 1:28:55]} 10. Qg3
{[%clk 1:29:23]} Be7 {[%clk 0:57:26]} 11. h4 {[%clk 1:29:11]} Bb7
{[%clk 0:41:15]} 12. Be2 {[%clk 1:20:27]} Rd8 {[%clk 0:24:07]} 13. Kb1
{[%clk 1:15:46]} c5 {[%clk 0:23:44]} 14. h5 {[%clk 1:10:14]} Rg8 {[%clk 0:19:55]}
15. e5 {[%clk 1:07:09]} dxe5 {[%clk 0:17:46]} 16. Qxe5 {[%clk 1:07:20]} Nd5
{[%clk 0:17:26]} 17. Nxd5 {[%clk 0:59:56]} Bxd5 {[%clk 0:17:50]} 18. c4
{[%clk 0:59:45]} Bf6 {[%clk 0:15:09]} 19. Qf4 {[%clk 0:21:34]} Bxg2
{[%clk 0:07:59]} 20. Bxf6 {[%clk 0:18:50]} gxf6 {[%clk 0:08:17]} 21. Rxd8+
{[%clk 0:19:14]} Qxd8 {[%clk 0:08:17]} 22. Rd1 {[%clk 0:19:26]} Qa8
{[%clk 0:08:00]} 23. f3 {[%clk 0:19:07]} Bh3 {[%clk 0:07:36]} 24. Bd3
{[%clk 0:16:19]} f5 {[%clk 0:01:18]} 25. Bc2 {[%clk 0:16:03]} Kf8
{[%clk 0:00:41]} 26. Qd6+ {[%clk 0:15:12]} Kg7 {[%clk 0:01:09]} 27. Rg1+
{[%clk 0:15:36]} Kf6 {[%clk 0:01:28]} 28. Rg3 {[%clk 0:05:07]} Bf1
{[%clk 0:00:35]} 29. Qf4 {[%clk 0:05:36]} Rxg3 30. Qxg3 {[%clk 0:06:05]} Be2
{[%clk 0:00:32]} 31. Qh4+ {[%clk 0:06:01]} Kg7 {[%clk 0:01:01]} 32. h6+
{[%clk 0:03:21]} Kf8 {[%clk 0:01:30]} 33. Qf2 {[%clk 0:01:20]} Bxf3
{[%clk 0:01:15]} 34. Qxc5+ Kg8 35. Qd4 {[%clk 0:01:32]} Kf8 {[%clk 0:00:53]} 36.
Qd6+ {[%clk 0:01:36]} Kg8 {[%clk 0:01:18]} 37. Qd4 {[%clk 0:00:36]} Kf8
{[%clk 0:01:32]} 38. Qd6+ {[%clk 0:00:55]} Kg8 {[%clk 0:02:01]} 39. b4
{[%clk 0:00:36]} Qf8 {[%clk 0:01:54]} 40. Qd2 {[%clk 0:00:32]} f4
{[%clk 0:02:16]} 41. Qxf4 {[%clk 0:00:37]} Qxb4+ {[%clk 0:02:42]} 42. Kc1
{[%clk 0:01:06]} Qe1+ {[%clk 0:01:19]} 43. Kb2 {[%clk 0:01:36]} Qb4+
{[%clk 0:01:49]} 44. Bb3 {[%clk 0:01:30]} Bh5 45. a3 {[%clk 0:00:37]} Qe7
{[%clk 0:02:33]} 46. Qe5 {[%clk 0:00:44]} f5 {[%clk 0:02:11]} 47. c5
{[%clk 0:01:08]} Kf7 {[%clk 0:02:37]} 48. Qxf5+ {[%clk 0:01:31]} Qf6+
{[%clk 0:03:02]} 49. Qxf6+ {[%clk 0:01:24]} Kxf6 {[%clk 0:03:32]} 50. Bc2
{[%clk 0:00:47]} Be8 {[%clk 0:01:57]} 51. Bxh7 {[%clk 0:01:12]} Kg5
{[%clk 0:02:25]} 52. Be4 {[%clk 0:01:02]} Kxh6 {[%clk 0:02:50]} 53. Bb7
{[%clk 0:01:29]} Kg5 {[%clk 0:02:05]} 54. c6  1-0

[Event "Iranian Men Championship Final 1399"]
[Site "Tehran"]
[Date "2021.04.13"]
[Round "14"]
[Board "4"]
[White "Ghaem Maghami, Ehsan"]
[Black "Idani, Pouya"]
[Result "0-1"]
[WhiteElo "2561"]
[BlackElo "2588"]
[PlyCount "0"]
[EventDate "2021.04.05"]
[EventRounds "15"]
[EventCountry "IRI"]

1. e4 {[%clk 1:23:19]} c5 {[%clk 1:30:51]} 2. Nf3 {[%clk 1:23:43]} d6
{[%clk 1:31:17]} 3. c3 {[%clk 1:24:07]} Nf6 {[%clk 1:31:29]} 4. Bd3
{[%clk 1:24:31]} d5 {[%clk 1:28:19]} 5. e5 {[%clk 1:24:26]} Nfd7 {[%clk 1:28:46]}
6. Bc2 {[%clk 1:19:01]} Nc6 {[%clk 1:28:46]} 7. d4 {[%clk 1:18:55]} cxd4
{[%clk 1:28:55]} 8. cxd4 {[%clk 1:17:19]} Nb6 {[%clk 1:29:21]} 9. Nbd2
{[%clk 1:14:47]} Bd7 {[%clk 1:22:50]} 10. a3 {[%clk 1:14:48]} Qc8
{[%clk 1:23:15]} 11. Nf1 {[%clk 0:58:11]} Bg4 {[%clk 1:21:53]} 12. Ne3
{[%clk 0:57:59]} Bxf3 {[%clk 1:21:53]} 13. gxf3 {[%clk 0:58:19]} Qh3
{[%clk 1:11:58]} 14. Bf5 {[%clk 0:27:11]} Qh4 {[%clk 1:11:02]} 15. Nc2
{[%clk 0:26:20]} e6 {[%clk 1:09:38]} 16. Bd3 {[%clk 0:26:41]} f6 {[%clk 1:08:27]}
17. f4 {[%clk 0:26:24]} fxe5 {[%clk 1:08:49]} 18. fxe5 {[%clk 0:26:24]} Be7
{[%clk 1:05:29]} 19. Rg1 {[%clk 0:24:25]} h5 {[%clk 0:52:54]} 20. Rxg7
{[%clk 0:13:10]} O-O-O {[%clk 0:52:13]} 21. Be3 {[%clk 0:12:47]} Rdg8
{[%clk 0:49:52]} 22. Rxg8+ {[%clk 0:13:02]} Rxg8 {[%clk 0:50:19]} 23. Qf3
{[%clk 0:11:03]} Rg1+ {[%clk 0:49:36]} 24. Bf1 {[%clk 0:05:22]} Qxh2
{[%clk 0:45:10]} 25. O-O-O {[%clk 0:03:58]} Kd7 {[%clk 0:45:34]} 26. Qh3
{[%clk 0:02:47]} Rh1 {[%clk 0:40:35]} 27. Qxh2 {[%clk 0:02:21]} Rxh2
{[%clk 0:41:00]} 28. b3 {[%clk 0:01:51]} Bh4 {[%clk 0:37:59]} 29. Rd2
{[%clk 0:01:51]} Nc8 {[%clk 0:37:52]} 30. Bd3 {[%clk 0:01:50]} N8e7
{[%clk 0:37:24]} 31. Ne1 {[%clk 0:00:55]} Nf5 {[%clk 0:33:10]} 32. Bxf5
{[%clk 0:01:18]} exf5 {[%clk 0:33:26]} 33. Nd3 {[%clk 0:01:44]} Be7
{[%clk 0:32:37]} 34. b4 {[%clk 0:01:16]} a5 {[%clk 0:32:16]} 35. Rb2
{[%clk 0:01:28]} axb4 {[%clk 0:32:05]} 36. axb4 {[%clk 0:01:57]} h4
{[%clk 0:29:01]} 37. Kd2 {[%clk 0:01:38]} Rh1 {[%clk 0:28:58]} 38. Nc5+
{[%clk 0:00:43]} Ke8 {[%clk 0:26:38]} 39. Ra2 {[%clk 0:00:41]} h3
{[%clk 0:26:45]} 40. Ra8+ {[%clk 0:01:03]} Nd8 {[%clk 0:27:05]} 41. Bf4
{[%clk 0:00:39]} h2 {[%clk 0:25:23]} 42. Bxh2 {[%clk 0:00:56]} Bxc5
{[%clk 0:24:39]} 43. dxc5 {[%clk 0:01:18]} Rxh2 {[%clk 0:25:04]} 44. b5
{[%clk 0:00:33]} Rxf2+ {[%clk 0:24:19]} 45. Kc3 {[%clk 0:00:36]} Rf4
{[%clk 0:24:04]} 46. Kd4  0-1